| 000 -LEADER |
| fixed length control field |
nam a22 a 4500 |
| 003 - CONTROL NUMBER IDENTIFIER |
| control field |
AM-YeNLA |
| 005 - DATE AND TIME OF LATEST TRANSACTION |
| control field |
20251210120502.0 |
| 007 - PHYSICAL DESCRIPTION FIXED FIELD--GENERAL INFORMATION |
| fixed length control field |
ta |
| 008 - FIXED-LENGTH DATA ELEMENTS--GENERAL INFORMATION |
| fixed length control field |
251210s2024 ai ||||gr|||||000|0|arm|| |
| 020 ## - INTERNATIONAL STANDARD BOOK NUMBER |
| International Standard Book Number |
978-9939-876-76-4 white |
| 040 ## - CATALOGING SOURCE |
| Language of cataloging |
arm |
| Transcribing agency |
AM-YeNLA |
| 041 0# - LANGUAGE CODE |
| Language code of text/sound track or separate title |
arm |
| 245 00 - TITLE STATEMENT |
| Title |
Նոր կտակարան և սաղմոսներ : |
| Remainder of title |
Հունական և եբրայական բնագրերից թարգմանված / |
| Statement of responsibility, etc. |
Հայաստանի Աստվածաշնչային ընկերություն․ |
| 260 ## - PUBLICATION, DISTRIBUTION, ETC. (IMPRINT) |
| Place of publication, distribution, etc. |
Երևան : |
| Name of publisher, distributor, etc. |
Հայաստանի Աստվածաշնչային ընկերություն, |
| Date of publication, distribution, etc. |
2024. |
| 300 ## - PHYSICAL DESCRIPTION |
| Extent |
804 էջ ; |
| Dimensions |
13 սմ. |
| 500 ## - GENERAL NOTE |
| General note |
Շղթայով փակվող՝ սպիտակ կաշեպատ պատյանով։ |
| 500 ## - GENERAL NOTE |
| General note |
Ոսկեզօծ կողեզրով։ |
| 630 04 - SUBJECT ADDED ENTRY--UNIFORM TITLE |
| Uniform title |
Աստվածաշունչ |
| Name of part/section of a work |
Նոր հտակարան |
| 630 04 - SUBJECT ADDED ENTRY--UNIFORM TITLE |
| Uniform title |
Սաղմոսներ |
| 710 2# - ADDED ENTRY--CORPORATE NAME |
| Corporate name or jurisdiction name as entry element |
Հայաստանի Աստվածաշնչային ընկերություն |
| 942 ## - ADDED ENTRY ELEMENTS (KOHA) |
| Source of classification or shelving scheme |
|
| Koha item type |
Books |